00780nam a22001817a 4500003000900000008004100009040007100050082001700121100002600138245004500164260003500209300002600244440005700270505021400327650002100541650001600562650002000578AR-CdUCM190403b           ||||| |||| 00| 0 spa d  aMUNICIPALIDAD PROVINCIAL DEL CUSCOcBIBLIOTECA MUNICIPAL DEL CUSCO  a341 /bST78   aStahl, Federico Julio  aHistoria de la filosofía del derecho /  aMadrid :bLa España moderna.  a688 paginas ;c21 cm.  aBiblioteca de jurisprudencia, filosofía e historia  aContenido : La filosofía del derecho entre lo griegos -- Filosofía teocracia del derecho -- Filosofía abstracta del derecho -- Filosofía practica del derecho -- Filosofía especulativa del derecho ...  aDoctrina moderna  aAristoteles  aDerecho natural